<?xml version="1.0" encoding="UTF-8"?>
<record
    xmlns:xsi="http://www.w3.org/2001/XMLSchema-instance"
    xsi:schemaLocation="http://www.loc.gov/MARC21/slim http://www.loc.gov/standards/marcxml/schema/MARC21slim.xsd"
    xmlns="http://www.loc.gov/MARC21/slim">

  <leader>01222nam0a2200301   4500</leader>
  <controlfield tag="001">RU\NLR\bibl\1322964</controlfield>
  <controlfield tag="005">20260406073531.0</controlfield>
  <datafield tag="010" ind1=" " ind2=" ">
    <subfield code="a">978-5-91181-895-1</subfield>
    <subfield code="9">5000</subfield>
  </datafield>
  <datafield tag="021" ind1=" " ind2=" ">
    <subfield code="a">RU</subfield>
    <subfield code="b">2008-95011</subfield>
    <subfield code="9">5569</subfield>
  </datafield>
  <datafield tag="035" ind1=" " ind2=" ">
    <subfield code="a">(NLR Aleph) 001308288</subfield>
  </datafield>
  <datafield tag="090" ind1=" " ind2=" ">
    <subfield code="a">663111</subfield>
    <subfield code="c">663111</subfield>
  </datafield>
  <datafield tag="100" ind1=" " ind2=" ">
    <subfield code="a">20090202d2008    |||y0rusy50      ca</subfield>
  </datafield>
  <datafield tag="101" ind1="1" ind2=" ">
    <subfield code="a">rus</subfield>
    <subfield code="c">fre</subfield>
  </datafield>
  <datafield tag="102" ind1=" " ind2=" ">
    <subfield code="a">RU</subfield>
  </datafield>
  <datafield tag="105" ind1=" " ind2=" ">
    <subfield code="a">y   |||||||||</subfield>
  </datafield>
  <datafield tag="200" ind1="1" ind2=" ">
    <subfield code="a">&#x421;&#x442;&#x440;&#x430;&#x445;</subfield>
    <subfield code="e">&#x444;&#x440;&#x430;&#x43D;&#x446;&#x443;&#x437;&#x441;&#x43A;&#x430;&#x44F; &#x433;&#x43E;&#x442;&#x438;&#x447;&#x435;&#x441;&#x43A;&#x430;&#x44F; &#x43F;&#x440;&#x43E;&#x437;&#x430;</subfield>
    <subfield code="e">[&#x441;&#x431;&#x43E;&#x440;&#x43D;&#x438;&#x43A; &#x440;&#x430;&#x441;&#x441;&#x43A;&#x430;&#x437;&#x43E;&#x432;</subfield>
    <subfield code="f">&#x43F;&#x435;&#x440;. &#x441; &#x444;&#x440;. &#x415;. &#x413;&#x443;&#x43D;&#x441;&#x442;&#x430; &#x438; &#x434;&#x440;.]</subfield>
  </datafield>
  <datafield tag="210" ind1=" " ind2=" ">
    <subfield code="a">&#x421;&#x430;&#x43D;&#x43A;&#x442;-&#x41F;&#x435;&#x442;&#x435;&#x440;&#x431;&#x443;&#x440;&#x433;</subfield>
    <subfield code="c">&#x410;&#x437;&#x431;&#x443;&#x43A;&#x430;-&#x43A;&#x43B;&#x430;&#x441;&#x441;&#x438;&#x43A;&#x430;</subfield>
    <subfield code="d">2008</subfield>
  </datafield>
  <datafield tag="215" ind1=" " ind2=" ">
    <subfield code="a">315, [2] &#x441;.</subfield>
    <subfield code="d">18</subfield>
  </datafield>
  <datafield tag="225" ind1="1" ind2=" ">
    <subfield code="a">&#x410;&#x437;&#x431;&#x443;&#x43A;&#x430;-&#x43A;&#x43B;&#x430;&#x441;&#x441;&#x438;&#x43A;&#x430;</subfield>
  </datafield>
  <datafield tag="320" ind1=" " ind2=" ">
    <subfield code="a">&#x421;&#x43E;&#x434;&#x435;&#x440;&#x436;.: &#x430;&#x432;&#x442;.: &#x41F;&#x440;&#x43E;&#x441;&#x43F;&#x435;&#x440; &#x41C;&#x435;&#x440;&#x438;&#x43C;&#x435;, &#x422;&#x435;&#x43E;&#x444;&#x438;&#x43B;&#x44C; &#x413;&#x43E;&#x442;&#x44C;&#x435;, &#x413;&#x438; &#x434;&#x435; &#x41C;&#x43E;&#x43F;&#x430;&#x441;&#x441;&#x430;&#x43D;, &#x41E;&#x433;&#x44E;&#x441;&#x442; &#x412;&#x438;&#x43B;&#x44C;&#x435; &#x434;&#x435; &#x41B;&#x438;&#x43B;&#x44C;-&#x410;&#x434;&#x430;&#x43D;</subfield>
  </datafield>
  <datafield tag="686" ind1=" " ind2=" ">
    <subfield code="a">&#x428;6(4&#x424;&#x440;)57-440.5&#x44F;43{&#x41B;&#x445;1647-80&#x441;&#x431;}</subfield>
  </datafield>
  <datafield tag="702" ind1=" " ind2="1">
    <subfield code="4">730</subfield>
    <subfield code="a">&#x413;&#x443;&#x43D;&#x441;&#x442;</subfield>
    <subfield code="b">&#x415;. &#x410;.</subfield>
    <subfield code="c">&#x43F;&#x435;&#x440;&#x435;&#x432;&#x43E;&#x434;&#x447;&#x438;&#x43A;</subfield>
    <subfield code="f">1901-1983</subfield>
    <subfield code="g">&#x415;&#x432;&#x433;&#x435;&#x43D;&#x438;&#x439; &#x410;&#x43D;&#x430;&#x442;&#x43E;&#x43B;&#x44C;&#x435;&#x432;&#x438;&#x447;</subfield>
    <subfield code="3">RU\NLR\AUTH\770133221</subfield>
    <subfield code="9">133187</subfield>
  </datafield>
  <datafield tag="801" ind1=" " ind2="0">
    <subfield code="a">RU</subfield>
    <subfield code="b">NLR</subfield>
    <subfield code="c">20090202</subfield>
    <subfield code="g">RCR</subfield>
  </datafield>
  <datafield tag="801" ind1=" " ind2="1">
    <subfield code="a">RU</subfield>
    <subfield code="b">NLR</subfield>
    <subfield code="c">20090202</subfield>
  </datafield>
  <datafield tag="942" ind1=" " ind2=" ">
    <subfield code="c">BOOK</subfield>
  </datafield>
  <datafield tag="980" ind1=" " ind2=" ">
    <subfield code="a">NB</subfield>
  </datafield>
  <datafield tag="995" ind1=" " ind2=" ">
    <subfield code="5">2009-02-02</subfield>
    <subfield code="a">ad</subfield>
    <subfield code="b">NLR01</subfield>
    <subfield code="c">NLR01</subfield>
    <subfield code="e">RF9</subfield>
    <subfield code="f">2841494</subfield>
    <subfield code="k">2009-3/2508</subfield>
    <subfield code="o">0</subfield>
    <subfield code="r">BOOK</subfield>
    <subfield code="s">200932508_</subfield>
  </datafield>
  <datafield tag="995" ind1=" " ind2=" ">
    <subfield code="5">2009-02-02</subfield>
    <subfield code="a">ad</subfield>
    <subfield code="b">NLR01</subfield>
    <subfield code="c">NLR01</subfield>
    <subfield code="e">RF9</subfield>
    <subfield code="f">2841495</subfield>
    <subfield code="k">2009-3/2508</subfield>
    <subfield code="o">0</subfield>
    <subfield code="r">BOOK</subfield>
    <subfield code="s">200932508_</subfield>
  </datafield>
</record>
